000 00805nmm a2200325 a 4500
003 AR-BaBNM
005 20251128203216.0
008 207019s1951 ||||||||||||||000 | spa||
040 _cAR-BaBNM
100 1 _aFustel de Coulanges, Numa Denis
_d1830-1889
245 1 0 _aLa ciudad antigua
250 _a2ª ed.
260 _aBuenos Aires
_bEmecé
_c1951
300 0 _a540 p.
650 4 _aHISTORIA
650 4 _aSOCIEDAD
650 4 _aECONOMIA
650 4 _aRELIGION
650 4 _aREVOLUCION
650 4 _aIMPERIO
650 4 _aURBANIZACION
650 4 _aDERECHO
650 4 _aCIENCIAS POLITICAS
650 4 _aHISTORIA DEL DERECHO
650 4 _aREFORMA JURIDICA
700 1 _aGorbea, Eusebio de
_etraductor
700 1 _aRivera, Angel
_eprologuista
942 _cBK
998 _cmariana
999 _c2395
_d2395